Personnages Cyberpunk Edgerunners - Statistiques

Statistiques générales
  • Ce quiz a été pris 146 fois
  • Le résultat moyen est 9 sur 20
Statistiques - réponses
Par images Réponse % Correct
David
98%
Lucy
95%
Rebecca
91%
Smasher
84%
Kiwi
79%
Maine
76%
Falco
66%
Gloria
58%
Dorio
50%
Faraday
45%
Doc
40%
Pilar
35%
Tanaka
22%
Sasha
17%
Katsuo
16%
James
15%
Julio
15%
Jimmy
13%
Maxim
8%
Kate
2%
Aucun quiz correspondant
Distribution des résultats
% des personnes avec chaque résultat
Percentile par nombre de réponses
Votre historique - résultats
Vous n’avez pas pris ce quiz